00646nam a22001695i 4500001000700000003000900007005001700016008004100033040002000074100002700094245007700121250001200198260007200210300002600282650003200308852013600340159627ES-MaACL20230906211705.0040914s1887 sp |||| | spa d aCAM bspa cCAM1 aMier y Miura, Eduardo.10aTeoría de las aproximaciones numéricas / cpor Eduardo Mier y Miura. a2ª ed. aMadrid : b[s.n.], c[s.a.] (fImprenta del Memorial de Ingenieros) a51, [1] p. ; c25 cm. 4aNúmeros, Teoría de los. aES-MaACLjT-893-F-9 z-- Enc. hol., conservando la cub. original z-- Sello del Ministerio de Fomento z-- Enc. en un vol. facticio